raperzy SBM - Statystyki

Ogólne statystyki
  • Ten quiz został rozwiązany 210 razy
  • Średni wynik to 9 z 15
Statystyki odpowiedzi
punkty raperzy % Poprawnych
99 bedoes
96%
70 białas
96%
55 white 2115
95%
80 solar
91%
100 mata
89%
85 Jan-rapowanie
75%
89 lanek
74%
60 fukaj
68%
75 adi nowak
63%
59 kacperczyk
63%
90 Janusz walczuk
61%
79 moli
29%
65 kinni zimmer
9%
95 beto
3%
69 jakub grabowski
3%
Nie znaleziono quizów pasujących do podanych kryteriów
Rozkład punktacji
Procent ludzi z każdym wynikiem
Percentyl według liczby udzielonych odpowiedzi
Twoja historia wyników
Nie rozwiązałeś tego quizu